Normal view
MARC view
- Lee, Robert E.
Entry Personal Name
001 - CONTROL NUMBER
- control field: 7709
003 - CONTROL NUMBER IDENTIFIER
- control field: NUST
005 - DATE AND TIME OF LATEST TRANSACTION
- control field: 20171228091804.0
008 - FIXED-LENGTH DATA ELEMENTS
- fixed length control field: 171228|| aca||aabn | a|a d
040 ## - CATALOGING SOURCE
- Original cataloging agency: NUST
- Transcribing agency: NUST
100 ## - HEADING--PERSONAL NAME
- Personal name: Lee, Robert E.
- Fuller form of name: (Robert Edward),
- Dates associated with a name: 1807-1870.
670 ## - SOURCE DATA FOUND
- Source citation: Work cat.: (NUST)0: Blount, Roy, Jr., 1941- 7707, Robert E. Lee :, 2003.
